Технология фиброцементных изделий; Высокие технологии в современной науке и технике

Dades bibliogràfiques
Parent link:Высокие технологии в современной науке и технике.— 2014.— [С. 126-127]
Autor principal: Кутугин В. А. Виктор Александрович
Autor corporatiu: Национальный исследовательский Томский политехнический университет (ТПУ) Институт физики высоких технологий (ИФВТ) Кафедра технологии силикатов и наноматериалов (ТСН)
Altres autors: Мухортов Е. С.
Sumari:Заглавие с титульного экрана
Idioma:rus
Publicat: 2014
Col·lecció:Технологии наноматериалов и материалов нового поколения
Matèries:
Accés en línia:http://earchive.tpu.ru/handle/11683/21071
http://www.lib.tpu.ru/fulltext/c/2014/C17/034.pdf
Format: MixedMaterials Electrònic Capítol de llibre
KOHA link:https://koha.lib.tpu.ru/cgi-bin/koha/opac-detail.pl?biblionumber=605597

MARC

LEADER 00000naa2a2200000 4500
001 605597
005 20231228093623.0
035 |a (RuTPU)RU\TPU\conf\2909 
035 |a RU\TPU\conf\2907 
090 |a 605597 
100 |a 20140422d2014 k y0rusy50 ca 
101 0 |a rus 
102 |a RU 
105 |a y z 101zy 
135 |a drnn ---uucaa 
181 0 |a i  
182 0 |a b 
200 1 |a Технология фиброцементных изделий  |f В. А. Кутугин, Е. С. Мухортов 
203 |a Текст  |c электронный 
225 1 |a Технологии наноматериалов и материалов нового поколения 
300 |a Заглавие с титульного экрана 
320 |a [Библиогр.: с. 127 (2 назв.)] 
337 |a Adobe Reader 
463 0 |0 (RuTPU)RU\TPU\conf\2834  |t Высокие технологии в современной науке и технике  |o сборник научных трудов III Международной научно-технической конференции молодых ученых, аспирантов и студентов, г. Томск, 26-28 марта 2014 г.  |f Национальный исследовательский Томский политехнический университет (ТПУ)  |v [С. 126-127]  |d 2014 
610 1 |a труды учёных ТПУ 
610 1 |a электронный ресурс 
610 1 |a технология 
610 1 |a фиброцементные изделия 
610 1 |a бетоны 
700 1 |a Кутугин  |b В. А.  |c химик-технолог  |c доцент Томского политехнического университета, кандидат технических наук  |f 1983-  |g Виктор Александрович  |3 (RuTPU)RU\TPU\pers\28913  |9 13646 
701 1 |a Мухортов  |b Е. С. 
712 0 2 |a Национальный исследовательский Томский политехнический университет (ТПУ)  |b Институт физики высоких технологий (ИФВТ)  |b Кафедра технологии силикатов и наноматериалов (ТСН)  |3 (RuTPU)RU\TPU\col\18694 
801 2 |a RU  |b 63413507  |c 20210421  |g RCR 
856 4 |u http://earchive.tpu.ru/handle/11683/21071 
856 4 |u http://www.lib.tpu.ru/fulltext/c/2014/C17/034.pdf 
942 |c BK